One Piece - Quiz Lieux Iconique #6 - Statistiques

Statistiques générales
  • Ce quiz a été pris 237 fois
  • Le résultat moyen est 11 sur 16
Statistiques - réponses
Par images Réponse % Correct
Wano
96%
Alabasta
90%
Whole Cake
84%
Water seven
82%
Logue Town
80%
Impel down
78%
Drum
76%
Marine Ford
76%
Sabaody
75%
Onigashima
72%
Arlong Park
67%
Ohara
64%
Skypia
62%
Ennies Lobby
59%
Fushia
42%
Punk Hazard
37%
Aucun quiz correspondant
Distribution des résultats
% des personnes avec chaque résultat
Percentile par nombre de réponses
Votre historique - résultats
Vous n’avez pas pris ce quiz